Представление документа в формате RUSMARC

ПолеНазваниеЗначение
  Тип записи c
  Библиографический уровень c
001 Контрольный номер RU/SLIB/B/208709193
005 Дата корректировки 20241023114620.3
010 Индекс ISBN __
d Цена 12-00
101 Язык документа 0_
a Язык текста rus
c Язык оригинала rus
200 Заглавие и сведения об ответственности 0_
a Заглавие Цыганский романс
f Первые сведения об ответственности ред. Ю. А. Сандулов
b Общее обозначение материала Ноты
210 Выходные данные 1_
a Место издания СПб.
c Издательство Лань
d Дата издания 1999
215 Физическое описание __
a Объем 32 с.
225 Серия 2_
a Серия Играем классику
606 Тематические рубрики __
a Основная рубрика Музыка и зрелищные искусства
y Географическая подрубрика Россия
606 Тематические рубрики __
a Основная рубрика Вокальная музыка
610 Ключевые слова 0_
a Ключевые слова нотные издания; народная музыка; клавиры; гитары; аккорды; романсы; цыганские романсы
686 Индексы других классификаций __
2 Код системы rubbks
a Классификационный индекс 85.94я438
702 Вторичная интеллектуальная ответственность _1
a Фамилия Сандулов
b Имя Ю. А.
4 Код отношения Редактор
801 Источник записи _0
a Страна RU
b Организация Муниципальное бюджетное учреждение культуры "Централизованная библиотечная система" г. Сургут (Центральная городская библиотека им. А. С. Пушкина)
g Правила каталогизации ОБ/Бутенко
801 Источник записи _1
a Страна RU
b Организация Муниципальное бюджетное учреждение культуры "Централизованная библиотечная система" г. Сургут (Центральная городская библиотека им. А. С. Пушкина)
g Правила каталогизации ОБ/Бутенко
852 Данные о местонахождении __
j Шифр хранения 85.94я438
c Каталожный индекс 85.94я438
i Авторский знак Ц 94
p Инвентарный номер 76627
901 Тип документа __
t Тип документа x
903 Характеристики (МАРС) __
a Дата передачи 20000621
969 Тип издания __
a Тип издания песенник; сборник
990 Данные о заказе (DOS) 00
j Количество экземпляров (DOS) 1
t N записи в КСУ для И/У (DOS) 200001